TasteAtlas 100 Best Cuisines in the World - Statistics

General Stats
  • This quiz has been taken 185 times
  • The average score is 70 of 100
Answer Stats
Rank Answer % Correct
1 Italy
96%
2 Japan
96%
7 Mexico
96%
5 China
95%
8 France
94%
11 India
94%
9 Spain
92%
16 USA
92%
12 Brazil
91%
3 Greece
91%
43 Canada
90%
41 Russia
90%
4 Portugal
88%
14 Argentina
87%
32 Germany
87%
17 Thailand
87%
15 Turkey
87%
51 Egypt
85%
18 South Korea
85%
46 Morocco
84%
50 Australia
83%
34 Belgium
83%
13 Poland
83%
44 Sweden
83%
22 Vietnam
83%
6 Indonesia
82%
65 Finland
81%
10 Peru
81%
59 Norway
80%
55 Ireland
79%
45 Netherlands
79%
57 Pakistan
79%
37 Switzerland
79%
36 Austria
78%
28 Colombia
78%
23 Iran
78%
52 South Africa
78%
82 Iraq
77%
24 Chile
76%
62 Israel
76%
94 New Zealand
75%
29 Romania
75%
75 Cuba
74%
49 Denmark
74%
40 Algeria
73%
25 Lebanon
73%
66 Tunisia
73%
30 Bulgaria
72%
21 Hungary
72%
53 Ukraine
72%
31 Malaysia
71%
54 Syria
71%
19 Croatia
70%
35 Czech Republic
70%
95 Saudi Arabia
70%
70 Venezuela
70%
86 Laos
68%
20 Serbia
67%
42 Slovakia
67%
48 Ecuador
66%
56 Singapore
66%
78 Taiwan
66%
69 Armenia
65%
81 Ethiopia
65%
68 Jamaica
65%
91 Albania
64%
60 Bolivia
63%
64 Slovenia
63%
77 Azerbaijan
62%
26 Georgia
62%
74 Jordan
62%
33 Philippines
62%
79 Uruguay
62%
89 Bangladesh
60%
98 Dominican Republic
60%
38 Lithuania
59%
93 Myanmar
59%
73 Sri Lanka
59%
27 Bosnia & Herzegovina
58%
39 England
58%
90 Kazakhstan
58%
85 Libya
58%
67 Haiti
57%
76 Uzbekistan
57%
71 Belarus
56%
88 Cyprus
56%
100 Ghana
51%
47 Scotland
49%
80 Montenegro
47%
72 Moldova
46%
83 Qatar
46%
99 Wales
44%
97 Bahamas
42%
92 Kyrgyzstan
39%
61 Macedonia
39%
84 Trinidad & Tobago
38%
87 Barbados
35%
63 Palestine
31%
96 Northern Ireland
26%
58 Puerto Rico
14%
No matching quizzes found
Score Distribution
Percent of People with Each Score
Percentile by Number Answered
Your Score History
You have not taken this quiz